<?xml version="1.0" encoding="UTF-8"?><marc:collection xmlns:marc="http://www.loc.gov/MARC21/slim">
  <marc:record>
    <marc:leader>00000nam  2200000zi 4500</marc:leader>
    <marc:controlfield tag="001">9.943474</marc:controlfield>
    <marc:controlfield tag="003">CaOODSP</marc:controlfield>
    <marc:controlfield tag="005">20241114082923</marc:controlfield>
    <marc:controlfield tag="006">m     o  d f      </marc:controlfield>
    <marc:controlfield tag="007">cr cn|||||||||</marc:controlfield>
    <marc:controlfield tag="008">240920t20242024oncad   ob   f000 0 fre d</marc:controlfield>
    <marc:datafield tag="020" ind1=" " ind2=" ">
      <marc:subfield code="a">9780660737546</marc:subfield>
    </marc:datafield>
    <marc:datafield tag="040" ind1=" " ind2=" ">
      <marc:subfield code="a">CaOODSP</marc:subfield>
      <marc:subfield code="b">fre</marc:subfield>
      <marc:subfield code="e">rda</marc:subfield>
      <marc:subfield code="c">CaOODSP</marc:subfield>
    </marc:datafield>
    <marc:datafield tag="043" ind1=" " ind2=" ">
      <marc:subfield code="a">n-cn---</marc:subfield>
    </marc:datafield>
    <marc:datafield tag="086" ind1="1" ind2=" ">
      <marc:subfield code="a">FA1-26/2024-1-7F-PDF</marc:subfield>
    </marc:datafield>
    <marc:datafield tag="110" ind1="1" ind2=" ">
      <marc:subfield code="a">Canada. </marc:subfield>
      <marc:subfield code="b">Commissaire à l'environnement et au développement durable, </marc:subfield>
      <marc:subfield code="e">auteur, </marc:subfield>
      <marc:subfield code="e">organisme de publication.</marc:subfield>
    </marc:datafield>
    <marc:datafield tag="245" ind1="1" ind2="0">
      <marc:subfield code="a">Loi canadienne sur la responsabilité en matière de carboneutralité - rapport 2024 : </marc:subfield>
      <marc:subfield code="b">rapport de l'auditeur indépendant.</marc:subfield>
    </marc:datafield>
    <marc:datafield tag="264" ind1=" " ind2="1">
      <marc:subfield code="a">[Ottawa] : </marc:subfield>
      <marc:subfield code="b">Bureau du vérificateur général du Canada = Office of the Auditor General of Canada, </marc:subfield>
      <marc:subfield code="c">2024.</marc:subfield>
    </marc:datafield>
    <marc:datafield tag="264" ind1=" " ind2="4">
      <marc:subfield code="c">©2024</marc:subfield>
    </marc:datafield>
    <marc:datafield tag="300" ind1=" " ind2=" ">
      <marc:subfield code="a">1 ressource en ligne (vi, 47 pages) : </marc:subfield>
      <marc:subfield code="b">illustrations, graphiques.</marc:subfield>
    </marc:datafield>
    <marc:datafield tag="336" ind1=" " ind2=" ">
      <marc:subfield code="a">texte</marc:subfield>
      <marc:subfield code="b">txt</marc:subfield>
      <marc:subfield code="2">rdacontent/fre</marc:subfield>
    </marc:datafield>
    <marc:datafield tag="337" ind1=" " ind2=" ">
      <marc:subfield code="a">informatique</marc:subfield>
      <marc:subfield code="b">c</marc:subfield>
      <marc:subfield code="2">rdamedia/fre</marc:subfield>
    </marc:datafield>
    <marc:datafield tag="338" ind1=" " ind2=" ">
      <marc:subfield code="a">ressource en ligne</marc:subfield>
      <marc:subfield code="b">cr</marc:subfield>
      <marc:subfield code="2">rdacarrier/fre</marc:subfield>
    </marc:datafield>
    <marc:datafield tag="490" ind1="1" ind2=" ">
      <marc:subfield code="a">Rapports du commissaire à l'environnement et au développement durable au Parlement du Canada, </marc:subfield>
      <marc:subfield code="x">2561-1828 ; </marc:subfield>
      <marc:subfield code="v">rapport 7</marc:subfield>
    </marc:datafield>
    <marc:datafield tag="500" ind1=" " ind2=" ">
      <marc:subfield code="a">Titre de la couverture.</marc:subfield>
    </marc:datafield>
    <marc:datafield tag="500" ind1=" " ind2=" ">
      <marc:subfield code="a">Publié aussi en anglais sous le titre : Canadian Net-Zero Emissions Accountability Act - 2024 report : independent auditor's report.</marc:subfield>
    </marc:datafield>
    <marc:datafield tag="504" ind1=" " ind2=" ">
      <marc:subfield code="a">Comprend des références bibliographiques.</marc:subfield>
    </marc:datafield>
    <marc:datafield tag="520" ind1=" " ind2=" ">
      <marc:subfield code="a">« Le gouvernement du Canada s’est engagé à réduire les émissions de gaz à effet de serre de 40 % à 45 % sous les niveaux de 2005 d’ici 2030 et à atteindre la carboneutralité d’ici 2050. En 2022, les émissions totales de gaz à effet de serre du Canada se chiffraient à 708 mégatonnes d’équivalent en dioxyde de carbone (Mt éq. CO2), sans compter la contribution comptable du secteur de l’affectation des terres, du changement d’affectation des terres et de la foresterie. Il s’agit d’une diminution de 7,1 % (54 Mt éq. CO2) par rapport à 2005 mais d’une augmentation nette de 16 % par rapport à 1990 (voir la pièce 7.1). Pour atteindre la cible de 2030, la plus grande part des réductions d’émissions devra survenir au cours des six prochaines années. Le Canada reste le membre le moins performant des pays du Groupe des Sept depuis 1990 et 2005 (voir la pièce 7.2) » -- Introduction, page 1.</marc:subfield>
    </marc:datafield>
    <marc:datafield tag="650" ind1=" " ind2="6">
      <marc:subfield code="a">Gaz à effet de serre</marc:subfield>
      <marc:subfield code="x">Réduction</marc:subfield>
      <marc:subfield code="x">Politique gouvernementale</marc:subfield>
      <marc:subfield code="z">Canada</marc:subfield>
      <marc:subfield code="x">Audit.</marc:subfield>
    </marc:datafield>
    <marc:datafield tag="650" ind1=" " ind2="6">
      <marc:subfield code="a">Climat</marc:subfield>
      <marc:subfield code="x">Changements</marc:subfield>
      <marc:subfield code="x">Politique gouvernementale</marc:subfield>
      <marc:subfield code="z">Canada.</marc:subfield>
    </marc:datafield>
    <marc:datafield tag="775" ind1="0" ind2="8">
      <marc:subfield code="t">Canadian Net-Zero Emissions Accountability Act - 2024 report : </marc:subfield>
      <marc:subfield code="w">(CaOODSP)9.943473</marc:subfield>
    </marc:datafield>
    <marc:datafield tag="830" ind1="#" ind2="0">
      <marc:subfield code="a">Rapports de la commissaire à l'environnement et au développement durable au Parlement du Canada,</marc:subfield>
      <marc:subfield code="x">2561-1828 ; </marc:subfield>
      <marc:subfield code="v">rapport 7.</marc:subfield>
      <marc:subfield code="w">(CaOODSP)9.842752</marc:subfield>
    </marc:datafield>
    <marc:datafield tag="856" ind1="4" ind2="0">
      <marc:subfield code="q">PDF</marc:subfield>
      <marc:subfield code="s">1.64 Mo</marc:subfield>
      <marc:subfield code="u">https://publications.gc.ca/collections/collection_2024/bvg-oag/FA1-26-2024-1-7-fra.pdf</marc:subfield>
    </marc:datafield>
    <marc:datafield tag="856" ind1="4" ind2=" ">
      <marc:subfield code="q">HTML</marc:subfield>
      <marc:subfield code="s">S.O.</marc:subfield>
      <marc:subfield code="u">https://www.oag-bvg.gc.ca/internet/Francais/parl_cesd_202411_07_f_44576.html</marc:subfield>
    </marc:datafield>
  </marc:record>
</marc:collection>
